000 00838nam a2200241Ia 4500
003 GCL
005 20240530102528.0
008 140319s9999 xx 000 0 ara d
020 _a1819201977
040 _aGCL /
_cGCL
082 0 4 _a330.122962
_bق/ف ر
100 1 _aفرغلى على تسن
245 1 0 _aالرأسمالية الأجنبية فى مصر ( 1937 - 1957 ) /
_cفرغلى على تسن
260 _aالقاهرة :
_bالهيئة المصرية العامة للكتاب ،
_c2002
300 _a427 ص ؛
_c22 سم
490 _aتاريخ المصريين
_v232-216
650 0 4 _aالاشتراكية
650 0 4 _aالنظم الاقتصادية
650 0 4 _aالراسمالية
650 0 4 _aمصر - الاحوال الاقتصادية
650 0 4 _aمصر - الراسمالية
942 _2ddc
_cBK
999 _c32878
_d32878